|
|
|
|
| LEADER |
00737nam a2200145Ia 4500 |
| 008 |
111205s9999 xx 000 0 mal d |
| 100 |
|
|
|a Saidu Mohammad P.A.
|
| 245 |
|
|
|a Kerala Muslim charithram
|c Saidhu Mohammmad
|
| 260 |
|
|
|b Current Books
|a Current books, Thrissur
|c 1969
|c 1961
|
| 300 |
|
|
|a 260
|
| 942 |
|
|
|c BK
|
| 999 |
|
|
|c 206297
|d 206297
|
| 952 |
|
|
|0 0
|1 0
|4 0
|6 S_10R5
|7 0
|9 227422
|a MAL
|b MAL
|c SEC
|d 2007-05-14
|g 0.00
|l 0
|o S10R5
|p MAL4892
|r 2015-04-13
|v 0.00
|w 2015-04-13
|y BK
|k 1.00
|
| 952 |
|
|
|0 0
|1 0
|4 0
|7 0
|9 227423
|a MAL
|b MAL
|c ST1
|d 2007-05-14
|g 0.00
|l 0
|p MAL7441
|r 2015-04-13
|v 0.00
|w 2015-04-13
|y BK
|k 1.00
|
| 952 |
|
|
|0 0
|1 0
|2 ddc
|4 0
|6 954_830000000000000_SAI_K
|7 0
|9 228135
|a MAL
|b MAL
|c ST1
|d 2007-05-14
|g 5.00
|l 9
|o 954.83 SAI/K
|p MAL855
|r 2021-12-23
|s 2021-11-03
|v 5.00
|w 2011-12-05
|y BK
|